| 000 | 00437nam a22001817a 4500 | ||
|---|---|---|---|
| 003 | MPLRDC | ||
| 005 | 20220104114424.0 | ||
| 008 | 210129b ||||| |||| 00| 0 eng d | ||
| 020 | _a962-979-299-0 | ||
| 082 | _a855 WAS | ||
| 100 | _aWASABI | ||
| 245 |
_a二房客 _c |
||
| 250 | _a初版一刷 | ||
| 260 |
_a香港 _b文林社出版有限公司 _c2003 |
||
| 300 | _b211 | ||
| 650 | _a散文;随笔、日记 | ||
| 942 |
_cBK _o855 WAS |
||
| 999 |
_c7341 _d7331 |
||